[Event "VI Floripa Open 2020"]
[Site "Florianopolis"]
[Date "2020.01.21"]
[Round "2.4"]
[White "Burgos, Marcelo Alves"]
[Black "Mekhitarian, Krikor Sevag"]
[Result "0-1"]
[WhiteElo "2171"]
[BlackElo "2563"]
[Annotator "TA"]
[PlyCount "76"]
[EventDate "2020.01.20"]
[EventType "swiss"]
[EventCountry "BRA"]
[SourceTitle "playchess.com"]
[Source "ChessBase"]
[SourceQuality "1"]

{[%evp 9,80,-30,-42,-25,-28,-28,-27,-23,-23,-31,-27,-44,-39,-54,-56,-101,-100,-96,-68,-63,-61,-55,-54,-48,-52,-60,-12,-10,24,22,12,0,0,0,0,0,0,-14,0,-18,0,0,0,0,0,-24,-24,-30,0,-46,-46,-72,-34,-35,-25,-35,-36,-42,-42,-42,-35,-39,-32,-89,-89,-131,-131,-134,-134,-533,-523,-525,-530]} 1. d4 Nf6 2. Bf4 c5 3. dxc5 Qa5+ 4. Nc3 Ne4 5. Qd4 Nxc3 6. Qxc3 {A45: Trompowsky Attack.} Qxc3+ 7. bxc3 Na6 8. e4 {Black has an edge.} Nxc5 {[#]} 9. Bd3 $146 ({Predecessor:} 9. f3 d6 10. Bc4 g6 11. Ne2 Bg7 12. Rb1 O-O 13. Be3 b6 14. Bd4 Be6 15. Bb3 {½-½ (50) Meister,J (2481)-Sumets,A (2529) playchess.com INT 2007}) 9... d6 10. Be3 Na4 11. Bb5+ Bd7 12. Bxa4 Bxa4 13. Kd2 e5 14. f3 b6 15. Ne2 Rc8 16. Rhb1 Be7 17. Kd3 Bd7 18. a4 $1 {[%cal Ba2a4,Ba4a5][%mdl 32]} Rc7 19. a5 b5 20. a6 Be6 21. Kd2 Bc4 22. Nc1 Kd7 23. Nd3 Ra8 24. Nb4 Bd8 25. Nd5 Rc6 26. Nb4 Rcc8 27. Nd5 {[#]} f5 $1 {[%mdl 512]} 28. g3 (28. exf5 Bxd5) 28... Ke6 29. Nb4 Rc7 30. Rg1 Rf7 31. Nc6 Bc7 32. Nxa7 {aiming for Rgb1.} fxe4 33. fxe4 {Threatens to win with Rgb1.} Rf3 {And now ...Rxe3! would win.} 34. Nc6 Rxe3 $1 35. Kxe3 {Strongly threatening Rgb1.} Bb6+ 36. Nd4+ {[#]} ({White should try} 36. Kd2 $15 Bxg1 37. Rxg1) 36... Kd7 $1 $17 37. Rg2 {[#]} b4 $1 {[%cal Rb4c3]} 38. Rb1 Rb8 {Played: Bb6-c5} 0-1

[Event "VI Floripa Open 2020"]
[Site "Florianopolis"]
[Date "2020.01.21"]
[Round "2.5"]
[White "El Debs, Felipe de Cresce"]
[Black "Luz, Arthur Nader"]
[Result "1/2-1/2"]
[WhiteElo "2552"]
[BlackElo "2165"]
[Annotator "TA"]
[PlyCount "150"]
[EventDate "2020.01.20"]
[EventType "swiss"]
[EventCountry "BRA"]
[SourceTitle "playchess.com"]
[Source "ChessBase"]
[SourceQuality "1"]

{[%evp 9,150,7,35,14,23,-13,-19,-14,6,10,36,27,36,46,74,60,76,64,154,147,160,156,168,156,163,164,181,167,222,143,268,61,72,65,65,63,64,62,56,0,47,39,41,24,40,33,33,30,45,33,32,32,40,33,41,33,36,8,40,6,6,6,8,0,10,0,29,6,47,47,47,47,47,47,47,12,21,0,0,0,10,5,6,0,0,0,0,0,6,0,0,0,0,0,0,0,0,0,0,0,0,0,0,0,0,0,0,0,0,0,0,0,0,0,0,0,0,0,0,0,0,0,0,0,0,0,0,0,0,0,10,10,10,10,11,10,50,-37,-43,-43,0,0,0]} 1. e4 e5 2. Nf3 Nc6 3. Bc4 Nf6 4. d3 h6 5. Nc3 d6 6. d4 {C55: Two Knights: 4 d3, 4 d4 exd4 5 e5 and Max Lange Attack} (6. a4 g6 7. a5 Bg7 8. O-O O-O 9. h3 a6 10. Re1 Re8 11. Nd5 Nxd5 12. Bxd5 Be6 13. c4 Bxd5 14. cxd5 {0-1 (40) Jobava,B (2707)-Ivanchuk,V (2738) Leuven 2017}) 6... Bg4 7. Be3 $146 (7. d5 {looks sharper.} Nd4 8. h3 Bxf3 9. gxf3 c5 10. dxc6 bxc6 11. Be3) ({Predecessor:} 7. d5 Nd4 8. Be3 Nxf3+ 9. gxf3 Bd7 10. Qe2 Nh5 11. O-O-O Be7 12. Rdg1 O-O 13. Bxh6 Bf6 {1-0 (40) Shkuran,D (2371)-Karpus,M (2372) Lvov 2018}) 7... exd4 8. Bxd4 Nxd4 9. Qxd4 {Black should prevent 0-0-0.} Bxf3 (9... c6 {looks sharper.} 10. O-O-O Qb6 11. Qd2 Qc5 12. Bb3 Be7) 10. gxf3 c6 11. O-O-O {Threatens to win with e5.} Nd7 12. f4 $40 {[%mdl 128] White is up to no good.} Nb6 13. Bb3 Qd7 (13... Qh4 $14) 14. a4 $1 $16 {[%cal Ba2a4,Ba4a5][%mdl 32]} Qc7 15. Rhe1 O-O-O 16. a5 Nd7 17. Qxa7 Nc5 18. Kb1 g5 (18... Qb8 $142 19. Qxb8+ Kxb8 20. Bxf7 Be7) 19. f5 Bg7 {[#]} (19... Qb8 $16 {might work better.} 20. Qxb8+ Kxb8) 20. Na4 $2 (20. e5 $1 $18 {[%cal Re5d6]} Bxe5 {[#]} 21. Rxe5 $1 {[%mdl 512]} dxe5 22. Qxc5) 20... Nxa4 $14 21. Bxa4 Rhe8 22. Re3 Qb8 23. Qb6 {a6 is the strong threat.} Qc7 24. Qa7 (24. Qb4 {feels hotter.} Re5 25. Rd5 Re7 26. Rdd3 Re5 27. a6) 24... Qb8 25. Qxb8+ Kxb8 26. b4 Be5 27. h3 Bf4 28. Ree1 Kc7 29. Bb3 Re7 30. c3 Rde8 31. f3 b6 32. axb6+ Kxb6 33. Kc2 Ra8 (33... d5 $5) 34. Rd3 f6 35. Red1 Rd7 36. Be6 Rdd8 37. Rb1 h5 38. Rdd1 h4 39. Ra1 Rxa1 40. Rxa1 {[%mdl 4096] Endgame KRB-KRB} Kb7 41. Bb3 Ra8 42. Ba4 {Hoping for Bxc6+!} (42. Rg1 {with more complications.} Be5 43. Kb2 Kb6 44. Be6 Ra7 45. Kb3) 42... Kc7 43. Kb3 Be5 44. Rd1 Rb8 45. Rd2 Kb6 46. Rb2 Ra8 47. Rb1 Ra7 48. Rd1 Ra8 49. c4 Ra7 50. Rd2 Ra8 51. Rc2 Bd4 52. Rc1 Ra7 53. Rd1 Be5 54. Ka3 Ra8 55. Rc1 Bd4 56. Rb1 Be5 57. Rb3 Bd4 58. Rd3 Be5 59. Rd2 Ra7 60. Rd1 Ra8 61. Rb1 Ra7 62. Rb3 Bd4 63. Rd3 Be5 64. Rd2 Ra8 65. Rd1 Ra7 66. Rb1 Bd4 67. Kb3 Ra8 68. Rd1 Be5 69. Rd2 Ra7 70. Ra2 Ra8 71. Kc2 Ra7 72. Kd3 c5 73. Kc2 (73. b5 $14) 73... cxb4 $15 74. Kb3 Kc5 75. Rd2 Bd4 {Accuracy: White = 52%, Black = 58%.} 1/2-1/2

[Event "VI Floripa Open 2020"]
[Site "Florianopolis"]
[Date "2020.01.21"]
[Round "2.7"]
[White "De Oliveira, Victor Gabriel C."]
[Black "Vazquez, Guillermo"]
[Result "0-1"]
[WhiteElo "2146"]
[BlackElo "2510"]
[Annotator "RC"]
[PlyCount "102"]
[EventDate "2020.01.20"]
[EventType "swiss"]
[EventRounds "10"]
[EventCountry "BRA"]
[SourceTitle "playchess.com"]
[Source "ChessBase"]
[SourceQuality "1"]
[TimeControl "5400+30"]

1. Nf3 Nf6 2. c4 e6 3. e3 b6 4. b3 Bb7 5. Bb2 d5 6. Nc3 Nbd7 7. d4 Bd6 8. cxd5 exd5 9. Bd3 O-O 10. O-O a6 11. Rc1 Qe7 12. Ne2 Ne4 13. Nf4 g5 14. Nh5 f5 15. Qc2 c6 16. Qe2 a5 17. Rc2 Rae8 18. Rfc1 g4 19. Ne5 Nxe5 20. dxe5 Bxe5 21. Bxe5 Qxe5 22. Nf4 c5 23. Bxe4 Qxe4 24. Qd2 Rd8 25. Re1 Rfe8 26. Rcc1 Kf7 27. Rcd1 d4 28. exd4 Rxd4 29. Rxe4 Rxd2 30. Rxd2 Rxe4 31. h4 Ke7 32. Ne2 Bc6 33. Ng3 Re5 34. Nh5 a4 35. Kh2 axb3 36. axb3 Bd5 37. Rd3 Bf7 38. Nf4 Re4 39. Nd5+ Bxd5 40. Rxd5 Ke6 41. Rd3 b5 42. Rd8 Rb4 43. Rh8 Rxb3 44. Rxh7 Kf6 45. Rc7 Rc3 46. Rc6+ Kg7 47. f3 gxf3 48. gxf3 b4 49. Kg3 b3 50. Kf4 b2 51. Rb6 Rc4+ 0-1

[Event "VI Floripa Open 2020"]
[Site "Florianopolis"]
[Date "2020.01.21"]
[Round "2.9"]
[White "Santiago, Yago De Moura"]
[Black "Carstens Dobuchak, Thiago"]
[Result "1-0"]
[WhiteElo "2486"]
[BlackElo "2149"]
[Annotator "TA"]
[PlyCount "95"]
[EventDate "2020.01.20"]
[EventType "swiss"]
[EventRounds "10"]
[EventCountry "BRA"]
[SourceTitle "playchess.com"]
[Source "ChessBase"]
[SourceQuality "1"]

{[%evp 16,95,3,-4,16,-1,20,30,32,20,30,20,20,19,19,19,19,19,17,31,22,25,65,44,36,43,50,0,7,6,127,128,140,126,138,129,337,331,339,340,412,410,415,413,415,415,415,415,420,415,413,410,413,397,413,388,468,463,496,439,632,632,624,604,661,660,647,656,665,648,843,842,847,816,791,744,1187,1081,2754,2180,12838,12839]} 1. d4 Nf6 2. Nf3 g6 3. Bg5 Bg7 4. Nbd2 d5 5. e3 O-O 6. c3 Nbd7 7. Be2 c5 8. O-O b6 9. a4 a6 {D03: 1 d4 d5 2 Nf3 Nf6 3 Bg5, including Torre Attack with early ...d5} 10. b4 a5 (10... Bb7 11. a5 cxb4 12. cxb4 b5 13. Rc1 Ne8 14. Nb3 Nd6 15. Ne1 Nc4 16. Nd3 Ra7 17. Bh4 {0-1 (54) Kramnik,V (2783)-Caruana,F (2802) Shamkir 2015}) 11. bxc5 bxc5 {White has an edge.} 12. Bb5 Ba6 13. Rb1 Bxb5 $146 ({Predecessor:} 13... h6 14. Bh4 g5 15. Bg3 Nh5 16. Be5 f6 17. Bg3 Nxg3 18. hxg3 {1-0 (26) Slipak,S (2437)-Pierrot,J (2405) Buenos Aires 2017}) 14. Rxb5 Rb8 15. c4 dxc4 16. Nxc4 Ne4 17. dxc5 {Threatens to win with c6.} ({Wrong is} 17. Rxa5 $2 Rb4 $19) 17... Nxg5 18. Nxg5 {Black must now prevent c6.} Qc7 19. Nxa5 Nxc5 {Strongly threatening ...Rxb5.} 20. Qc2 Rfc8 {aiming for ...Rxb5.} 21. Nb3 {[%cal Rb5c5]} (21. Rxb8 {is more complex.} Qxb8 22. Rc1 Bb2 23. Rb1 Qb4 24. Qxb2 Qxb2 25. Rxb2 Nxa4 26. Rb1) 21... Rxb5 22. axb5 {[%cal Ba4b5,Bb5b6][%mdl 32] And now Rc1 would win.} Nxb3 (22... Na4 $1 $11 23. Qxc7 Rxc7) 23. Qxb3 $16 Qc4 24. Qxc4 Rxc4 {[%mdl 4096] Endgame KRB-KRN} 25. Rb1 $1 Bb2 $2 {[#]} (25... Be5 $16 26. b6 Bb8) 26. Nf3 $1 $18 Kf8 {[#]} 27. b6 $1 Rb4 {[#]} 28. Ne5 $1 {[%mdl 512]} Kg7 (28... Bxe5 29. Rxb4) 29. Nd3 Rxb6 {intending ...Bd4.} 30. Rxb2 {KRN-KR} Rd6 31. Rb3 Ra6 {( -> ...Ra1+)} 32. Kf1 Ra2 33. Rb2 Ra7 34. Ke2 Rc7 35. e4 h6 36. f4 {White is clearly winning.} Ra7 37. Ke3 Rd7 (37... h5 $142 38. e5 f6) 38. g4 Ra7 39. h4 Rd7 40. Rh2 Ra7 41. h5 Ra1 42. hxg6 fxg6 43. Rg2 Ra5 44. g5 h5 45. Rf2 e6 46. Rb2 Ra7 47. Rb6 Kf7 48. Ne5+ {Accuracy: White = 80%, Black = 32%.} 1-0

[Event "VI Floripa Open 2020"]
[Site "Florianopolis"]
[Date "2020.01.21"]
[Round "2.11"]
[White "Rodriguez Vila, Andres"]
[Black "Bueno, Alfeu Junior Varela"]
[Result "1-0"]
[WhiteElo "2469"]
[BlackElo "2139"]
[Annotator "TA"]
[PlyCount "93"]
[EventDate "2020.01.20"]
[EventType "swiss"]
[EventRounds "10"]
[EventCountry "BRA"]
[SourceTitle "playchess.com"]
[Source "ChessBase"]
[SourceQuality "1"]

{[%evp 9,93,-7,-14,-66,-62,-71,-27,-22,-20,-47,-49,-52,-34,-37,-20,-61,-45,-72,-58,-66,-72,-91,-82,-112,-50,-49,-35,-45,-40,-41,-49,-69,-55,-88,-83,-86,-62,-135,-83,-89,-83,-88,-78,-84,-80,-86,-74,-91,-105,-128,-104,-97,-97,-109,-72,-82,-16,-17,0,0,0,-106,0,0,0,0,57,43,124,65,87,8,14,8,8,0,126,124,126,57,173,170,29974,29977,29992,29993]} 1. e4 e6 2. Qe2 e5 3. Nf3 Nc6 4. c3 Nf6 {[#]} 5. h3 $146 ({Predecessor:} 5. g3 d5 6. d3 g6 7. Bg2 Bg7 8. O-O O-O 9. a4 a5 10. Na3 h6 11. Nb5 Re8 12. Re1 Nb8 13. exd5 Nxd5 14. d4 c6 15. Na3 Bg4 16. dxe5 Nd7 17. Qf1 {½-½ (17) Zvjaginsev,V (2659)-Shulman,Y (2565) Khanty-Mansiysk 2005}) 5... Be7 6. g4 {C00: French: Unusual White 2nd moves.} (6. d4 $11 d6 7. d5) 6... d5 $15 7. d3 dxe4 8. dxe4 {Black has an edge.} O-O 9. Bg2 a5 10. O-O b6 $36 {[%mdl 2048] Black is pushing.} 11. Rd1 Ba6 12. Qe1 Qc8 13. Bg5 Qe6 14. Nbd2 Nd7 15. Bf1 Bxf1 16. Qxf1 Nc5 (16... Bxg5 $1 $17 17. Nxg5 Qf6) 17. Be3 $1 Rad8 18. Ne1 Rd7 19. Bxc5 Bxc5 ({Reject} 19... bxc5 $6 20. Nc4 $14) 20. Nd3 Be7 21. Qe2 Rfd8 22. Ne1 Qh6 {[%cal Rd7d2]} 23. Nf1 (23. Nc4 $15) 23... Rxd1 (23... Qxh3 $142 24. Rxd7 Rxd7) 24. Rxd1 $17 Qxh3 25. Ne3 Bc5 26. N1g2 Qh6 27. Nd5 Qg6 28. a3 a4 29. Rd3 Qg5 30. Qd1 b5 $1 31. Nde3 g6 32. Rd5 Bxe3 (32... Bb6 $17) 33. Nxe3 $11 h5 34. Qd3 Rxd5 35. Qxd5 {[#]} (35. exd5 $11 {was the only way to keep the balance.} Ne7 36. Qxb5) 35... Ne7 ({Black should try} 35... Nd8 $1 $17 36. f4 (36. Qxb5 hxg4 37. Qxa4 g3 $17) 36... Qe7 37. Qxe5 Qxe5 38. fxe5 h4) 36. Qxb5 hxg4 37. Nf1 Kf8 ({Black should play} 37... Kg7 $11) 38. Qxa4 $14 f5 ({Better is} 38... Ng8 $14) 39. exf5 (39. Qb5 $16) 39... gxf5 40. Qa7 (40. Qb4 $16) 40... Qc1 $1 $11 41. Qxc7 Qxb2 42. a4 {[%cal Ba3a4,Ba4a5][%mdl 32]} Qa3 {[#]} (42... Qe2 $1 $11) 43. a5 $1 $16 ({But not} 43. Qxe5 $6 Qxa4 44. Ng3 Qd1+ 45. Kh2 Qd2 $11) 43... e4 44. Ne3 (44. Qb6 $16 {Threatens to win with a6.} Qxc3 45. a6) 44... Qa1+ (44... g3 $1 $14) 45. Kg2 $18 Ng6 $2 (45... g3 $18) 46. Nxf5 Qc1 47. Qg7+ {[%mdl 64] Double Attack. Accuracy: White = 73%, Black = 63%.} 1-0

[Event "VI Floripa Open 2020"]
[Site "Florianopolis"]
[Date "2020.01.21"]
[Round "2.12"]
[White "Nery Junior, Jose Antonio"]
[Black "Matsuura, Everaldo"]
[Result "0-1"]
[WhiteElo "2121"]
[BlackElo "2433"]
[Annotator "ChessBase"]
[PlyCount "92"]
[EventDate "2020.01.20"]
[EventType "swiss"]
[EventRounds "10"]
[EventCountry "BRA"]
[SourceTitle "playchess.com"]
[Source "ChessBase"]
[SourceQuality "1"]
[TimeControl "5400+30"]

1. e4 c6 2. d4 d5 3. Nd2 dxe4 4. Nxe4 Nd7 5. Bc4 Ngf6 6. Ng5 e6 7. Qe2 Nb6 8. Bb3 h6 9. N5f3 c5 10. Be3 Qc7 11. dxc5 Bxc5 12. O-O-O O-O 13. Bxc5 Qxc5 14. Ne5 a5 15. a3 a4 16. Ba2 Nbd5 17. g4 Nf4 18. Qe3 Qxe3+ 19. fxe3 N4d5 20. Rd3 b5 21. h4 Bb7 22. Rh2 Ne4 23. Nd7 Rfd8 24. Bxd5 exd5 25. Ne5 Ra6 26. Ne2 Rf6 27. Nd4 Re8 28. Nef3 Ba6 29. Rd1 Rb6 30. c3 Nd6 31. Nc2 Nc4 32. Re2 Bc8 33. Nh2 Bb7 34. Nf1 Rg6 35. Nh2 Rge6 36. Nf1 Re4 37. Rd4 Ne5 38. Rg2 Bc8 39. Rxe4 dxe4 40. g5 Bh3 41. Rg1 Nf3 42. Rh1 Bg2 43. Ng3 Bxh1 44. Nxh1 hxg5 45. hxg5 Re5 46. Nd4 Rxg5 0-1

[Event "VI Floripa Open 2020"]
[Site "Florianopolis"]
[Date "2020.01.21"]
[Round "2.13"]
[White "Carneiro, Vitor Roberto Castro"]
[Black "Silva, Kaua Marques"]
[Result "1-0"]
[WhiteElo "2432"]
[BlackElo "2136"]
[Annotator "RC"]
[PlyCount "91"]
[EventDate "2020.01.20"]
[EventType "swiss"]
[EventRounds "10"]
[EventCountry "BRA"]
[SourceTitle "playchess.com"]
[Source "ChessBase"]
[SourceQuality "1"]
[TimeControl "5400+30"]

1. c4 c5 2. g3 Nc6 3. Bg2 g6 4. Nc3 Bg7 5. a3 d6 6. Rb1 a5 7. e4 e5 8. Nge2 Nge7 9. d3 O-O 10. O-O Be6 11. Be3 Rb8 12. f4 Qd7 13. Qd2 b6 14. Nd5 Nd4 15. Nxe7+ Qxe7 16. f5 gxf5 17. Bxd4 cxd4 18. exf5 Bc8 19. a4 Qf6 20. g4 Bh6 21. Qe1 Qg5 22. Rf3 Kh8 23. h3 Bb7 24. Rg3 Bxg2 25. Kxg2 Qe7 26. Rf3 Bg5 27. Ng3 Bh4 28. Qe4 f6 29. Nh5 Qd7 30. b3 Rbc8 31. Ng3 d5 32. Qxd5 Qxd5 33. cxd5 Rc2+ 34. Rf2 Rc3 35. Rd2 Bg5 36. Rdd1 Rc2+ 37. Kf3 Rd8 38. Ne4 Rxd5 39. b4 Rc6 40. Nxg5 fxg5 41. Ke4 Rd8 42. bxa5 bxa5 43. Rb5 Rc2 44. Kxe5 Re2+ 45. Kf6 h6 46. Re5 1-0

[Event "VI Floripa Open 2020"]
[Site "Florianopolis"]
[Date "2020.01.21"]
[Round "2.14"]
[White "Languidey, Simon Alejandro"]
[Black "Fiaes, Mario Henrique Andra"]
[Result "1-0"]
[WhiteElo "2425"]
[BlackElo "2126"]
[Annotator "TA"]
[PlyCount "91"]
[EventDate "2020.01.20"]
[EventType "swiss"]
[EventRounds "10"]
[EventCountry "BRA"]
[SourceTitle "playchess.com"]
[Source "ChessBase"]
[SourceQuality "1"]

{[%evp 23,91,16,19,-4,35,32,38,33,37,37,42,41,69,60,66,62,62,68,65,62,69,51,57,55,160,154,147,150,215,188,274,278,299,299,310,297,291,277,256,266,437,315,513,512,503,476,403,250,233,158,523,516,457,248,235,237,710,707,700,699,1650,1635,29992,29993,29993,29994,29994,29995,29995,29996]} 1. e4 e5 2. Nf3 Nc6 3. Bb5 a6 4. Ba4 Nf6 5. Qe2 d6 6. c3 Be7 7. O-O O-O 8. Rd1 b5 9. Bb3 Na5 10. Bc2 c5 11. d4 Qc7 12. h3 Bd7 13. Bg5 {C86: Closed Ruy Lopez: Worrall Attack.} Nc6 {[#]} 14. d5 $146 ({Predecessor:} 14. dxe5 dxe5 15. Nbd2 Rfd8 16. Nf1 Ne8 17. Ne3 Bxg5 18. Nd5 Qb7 19. Nxg5 h6 20. Nf3 Be6 {1-0 (43) Pham,T (2168)-Vo,T (1861) Bac Giang 2014}) 14... Na5 15. Nbd2 {White is slightly better.} Rfb8 16. b3 Qd8 17. Nf1 Ne8 18. Be3 g6 19. Ng3 Ng7 20. Bh6 Nb7 21. Rf1 f6 22. Nh2 Qc7 23. f4 Rf8 {[#]} ({Better is} 23... c4 $14) 24. f5 $1 $16 Nd8 25. Ng4 g5 (25... Nf7 $16) 26. Qe3 Be8 (26... c4 $142 27. b4 a5) 27. Bxg5 $18 fxg5 28. f6 {[%mdl 64] [#] Double Attack} Nf7 29. Rf2 ({Weaker is} 29. fxg7 Kxg7 30. Rf2 Kh8 $16) 29... Bd8 30. Raf1 ({But not} 30. fxg7 Kxg7 31. Raf1 Kh8 $18) 30... c4 31. bxc4 bxc4 $2 (31... Nh5) 32. Kh2 Rb8 $2 (32... Nh5) 33. fxg7 Kxg7 34. Nh5+ Kh8 35. Ngf6 Qe7 {With the idea ...Bb6.} 36. Qg3 Rb2 $2 (36... Bb6 $16 {is more resistant.}) 37. Nxe8 Qxe8 38. Bd1 $40 {[%mdl 128] White attacks with force.} (38. Qg4 $142) 38... Rxf2 39. Qxf2 Qb5 $2 (39... Be7 40. Qa7 Nh6 41. Rxf8+ Qxf8 42. Qxa6 Bd8) 40. Bg4 Qb7 41. Be6 Kg8 42. Nf6+ Bxf6 43. Qxf6 {White mates.} Qc7 44. Qxg5+ Kh8 45. Qf6+ {[%mdl 64] Double Attack} Kg8 46. Rf3 {Accuracy: White = 78%, Black = 46%.} 1-0

[Event "VI Floripa Open 2020"]
[Site "Florianopolis"]
[Date "2020.01.21"]
[Round "2.15"]
[White "Heinechen, Juan"]
[Black "Umetsubo, Cesar Hidemitsu"]
[Result "1/2-1/2"]
[WhiteElo "2110"]
[BlackElo "2385"]
[Annotator "ChessBase"]
[PlyCount "90"]
[EventDate "2020.01.20"]
[EventType "swiss"]
[EventRounds "10"]
[EventCountry "BRA"]
[SourceTitle "playchess.com"]
[Source "ChessBase"]
[SourceQuality "1"]
[TimeControl "5400+30"]

1. e4 c5 2. Nf3 e6 3. d4 cxd4 4. Nxd4 Nf6 5. Nc3 d6 6. g4 h6 7. Be3 e5 8. Bb5+ Bd7 9. Bxd7+ Qxd7 10. Nf5 g6 11. Nxh6 Bxh6 12. Bxh6 Rxh6 13. g5 Rh3 14. gxf6 Nc6 15. Nb5 O-O-O 16. c3 a6 17. Na3 d5 18. exd5 Qf5 19. Qe2 Rxd5 20. Nc4 Kb8 21. Ne3 Qe4 22. Nxd5 Qxh1+ 23. Qf1 Qf3 24. Ne3 Rxh2 25. Qe2 Rh1+ 26. Nf1 Qf4 27. Qe3 Qc4 28. Qe2 Qd5 29. f3 Qd6 30. Qg2 Rh8 31. Qg5 e4 32. Rd1 Qe6 33. Qf4+ Ne5 34. fxe4 Rh4 35. Qg3 Rg4 36. Qf2 Rxe4+ 37. Kd2 Qxa2 38. Kc1 Qa1+ 39. Kc2 Qa4+ 40. Kc1 Qa1+ 41. Kc2 Qa4+ 42. Kc1 Nc6 43. Ng3 Qa1+ 44. Kc2 Qa4+ 45. Kc1 Qa1+ 1/2-1/2

[Event "VI Floripa Open 2020"]
[Site "Florianopolis"]
[Date "2020.01.21"]
[Round "2.16"]
[White "Coro, Lucas"]
[Black "De Borba, Gabriel"]
[Result "1-0"]
[WhiteElo "2366"]
[BlackElo "2124"]
[Annotator "ChessBase"]
[PlyCount "73"]
[EventDate "2020.01.20"]
[EventType "swiss"]
[EventRounds "10"]
[EventCountry "BRA"]
[SourceTitle "playchess.com"]
[Source "ChessBase"]
[SourceQuality "1"]
[TimeControl "5400+30"]

1. e4 c5 2. Nf3 e6 3. d4 cxd4 4. Nxd4 Nf6 5. Bd3 Nc6 6. Nxc6 dxc6 7. Nc3 e5 8. Qf3 Qc7 9. O-O Be7 10. a4 Be6 11. a5 O-O 12. Qe2 Nd7 13. Bc4 Nc5 14. Be3 Bxc4 15. Qxc4 Ne6 16. b4 b5 17. axb6 axb6 18. b5 Bc5 19. bxc6 Qxc6 20. Nd5 Qb7 21. Qb5 Rxa1 22. Rxa1 Nd4 23. Qc4 h6 24. h3 Ra8 25. Rxa8+ Qxa8 26. c3 Ne6 27. Nxb6 Qa1+ 28. Kh2 Bxe3 29. fxe3 Qe1 30. Nd5 Ng5 31. Qc8+ Kh7 32. Qg4 Qb1 33. Qf5+ Kh8 34. Qc8+ Kh7 35. Ne7 h5 36. Qg8+ Kh6 37. Nf5+ 1-0